Tiempo de destrucción /
Guardat en:
| Autor principal: | |
|---|---|
| Altres autors: | |
| Format: | Llibre |
| Idioma: | espanyol |
| Publicat: |
Barcelona, España :
Galaxia Gutenberg,
2022, c2022
|
| Col·lecció: | (Narrativa Galaxia Gutenberg ;
281) |
| Matèries: | |
| Etiquetes: |
Sense etiquetes, Sigues el primer a etiquetar aquest registre!
|
MARC
| LEADER | 00000nam^a2200000^a^4500 | ||
|---|---|---|---|
| 001 | 000615095 | ||
| 005 | 20250523000000.0 | ||
| 009 | 20260310133654.391 | ||
| 020 | |a 978-84-18807-75-6 | ||
| 037 | |a Acervo ITESO - Biblioteca | ||
| 041 | |a ESP | ||
| 082 | |a 863. |b MAR | ||
| 100 | |a Martín-Santos, Luis |e (autor) | ||
| 245 | 1 | 0 | |a Tiempo de destrucción / |c L. Martín-Santos ; ed. y epílogo de M. Jalón. |
| 264 | 4 | |a Barcelona, España : |b Galaxia Gutenberg, |c 2022, c2022 | |
| 300 | |a 350 p. | ||
| 336 | |a texto |b txt |2 rdacontenido | ||
| 337 | |a sin mediación |b n |2 rdamedio | ||
| 338 | |a volumen |b nc |2 rdasoporte | ||
| 440 | 1 | |a (Narrativa Galaxia Gutenberg ; |v 281) | |
| 545 | 0 | |a Luis Martín-Santos Ribera (Larrache, Marruecos, 1924–Vitoria, 1964), novelista y médico. Doctor en Psiquiatría, es autor de numerosos ensayos relacionados con ésta; los más importantes son Dilthey, Jaspers y la comprensión del enfermo mental (1955) y Libertad, temporalidad y transferencia en el psicoanálisis existencial (1964). Fue director del Hospital Psiquiátrico de San Sebastián desde 1951. En el campo de la literatura, se dio a conocer primero como poeta, género en que destaca Grana gris (1945) pero fue como novelista que alcanzó el éxito, con su novela Tiempo de silencio (1961), obra en que rompe con la monotonía de la narrativa de la época. De manera póstuma se recogieron diversos textos suyos en Apólogos y se publicó la novela inconclusa Tiempo de destrucción. | |
| 521 | |a Librerías 2025 LCF | ||
| 649 | |a XX | ||
| 650 | |a Novela Española | ||
| 650 | |a Literatura y Sociedad - |z España | ||
| 650 | |a Literatura Española - |y Siglo XX | ||
| 650 | |a Madrid, España en la Literatura | ||
| 650 | |a Madrid, España - |x Historia - |y Franquismo, 1939-1975 | ||
| 650 | |a España - |x Historia - |y Franquismo, 1939-1975 | ||
| 650 | |a España - |x Historia - |y Siglo XX | ||
| 700 | |a Jalón, Mauricio |e (edición) | ||
| 910 | |a Fondo General | ||
| 920 | |a Impresos - Libros | ||
| 930 | |a Colección General | ||
| 940 | |a Literatura | ||
| 905 | |a 101 | ||
| 901 | |a 615095-10 |b IT1 |c LIT |i C189835 |u 20250523 | ||
| 902 | |a https://opac.biblio.iteso.mx/vufind/Record/000615095 | ||